000 00343nam a22001457a 4500
008 210518b ||||| |||| 00| 0 eng d
020 _a044400226X
041 _aeng
080 _a510
082 _a510
100 _a36
101 _aMAT
245 _aAn Introduction to the General Theory of Algorithms
_cMichael Machtey
942 _2udc
_cBK
999 _c57399
_d57399